[Event "Druzynowe Mistrzostwa Polski Juniorow - Ekstraliga Juniorow 2019"]
[Site "DW Globus Ustron Jaszowiec ul. Turystyczna 6"]
[Date "1899-12-30"]
[Round "7.24"]
[White "Szczotka, Klara"]
[Black "Wikar, Martyna"]
[Result "1-0"]
[WhiteTitle "I++"]
[BlackTitle "k+"]
[WhiteElo "1786"]
[BlackElo "2020"]

1. e4 c5 2. Nf3 Nc6 3. Bb5 e6 4. Bxc6 bxc6 5. d3 d5 6. e5 Ne7 7. O-O Nf5 8. c4
Be7 9. Nc3 O-O 10. Na4 Qc7 11. b3 Nd4 12. Bb2 Rd8 13. Bxd4 cxd4 14. c5 Ba6 15.
Rc1 Bb5 16. Nb2 Rab8 17. Qd2 a5 18. Rfe1 Rdc8 19. Qc2 Qa7 20. g3 a4 21. bxa4 Ba6
22. Re2 Rb4 23. a3 Rxb2 24. Qxb2 Bxd3 25. Rd2 Bc4 26. Rxd4 Bxc5 27. Rdxc4 dxc4
28. Rxc4 Rd8 29. Qc2 Rd5 30. Kg2 h6 31. Rg4 Qe7 32. Rc4 Qa7 33. h3 Qe7 34. Rg4
Qd8 35. Qc1 Kh7 36. Rh4 Kg8 37. Qc3 Be7 38. Rg4 Rd3 39. Qxc6 Qd5 40. Qxd5 exd5
41. Ne1 Rxa3 42. Rd4 Ra2 43. Nd3 h5 44. h4 g6 45. Kf1 Kg7 46. Ke1 g5 47. hxg5
Bxg5 48. Kf1 Kg6 49. Kg2 Kf5 50. Kf3 Ke6 51. Kg2 Be7 52. Nf4+ Kxe5 53. Rxd5+ Ke4
54. Rxh5 f5 55. Ng6 Bf6 56. Nh4 Bxh4 57. Rxh4+ Ke5 58. Rf4 Kf6 59. Kf3 Ra3+ 60.
Ke2 Ke5 61. Kd2 Ke6 62. Kc2 Ke5 63. Kb2 Rd3 64. Kc2 Ra3 65. Kd2 Kf6 66. Ke2 Ke5
67. Kf1 Kf6 68. Kg2 Kg5 69. Kh3 Ra2 70. Kg2 Ra3 71. Rc4 Ra2 72. Kf3 Ra3+ 73. Ke2
Ra2+ 74. Ke3 Ra3+ 75. Ke2 Ra2+ 76. Kf3 Ra3+ 77. Kg2 Ra2 78. Rb4 Ra3 79. f3 Kh5
80. g4+ fxg4 81. Rxg4 Ra2+ 82. Kg3 Ra1 83. Rb4 Kg6 84. Kg4 Kf6 85. Rb6+ Ke5 86.
Rb5+ Kd4 87. a5 Ke3 88. Re5+ Kd4 89. Kf5 Rf1 90. f4 Ra1 91. Kf6 Rf1 92. f5 Ra1
93. Ke6 Rf1 94. f6 Rf2 95. Rf5 Re2+ 96. Kd6 1-0

[Event "Druzynowe Mistrzostwa Polski Juniorow - Ekstraliga Juniorow 2019"]
[Site "DW Globus Ustron Jaszowiec ul. Turystyczna 6"]
[Date "1899-12-30"]
[Round "7.25"]
[White "Nowak, Mikolaj"]
[Black "Polczyk, Mikolaj"]
[Result "1-0"]
[WhiteTitle "I++"]
[BlackTitle "k"]
[WhiteElo "2230"]
[BlackElo "2182"]

1. d4 Nf6 2. Bf4 d5 3. e3 c5 4. Nf3 Nc6 5. c3 Qb6 6. Qc2 g6 7. Bd3 c4 8. Be2 Bf5
9. Qc1 Nh5 10. Nbd2 Nxf4 11. exf4 Qc7 12. g3 Bg7 13. h4 h5 14. Nf1 Be4 15. Rg1
Bxf3 16. Bxf3 e6 17. Ne3 Qd6 18. Qc2 b5 19. f5 gxf5 20. Qe2 Ne7 21. Bxh5 Bf6 22.
f4 Rh7 23. Bf3 Kd7 24. a4 b4 25. Nxc4 Qc7 26. Ne5+ Bxe5 27. Qxe5 Qxe5+ 28. dxe5
bxc3 29. bxc3 Rb8 30. O-O-O Rhh8 31. Kc2 Rhc8 32. Rb1 Nc6 33. Rxb8 Rxb8 34. h5
Rg8 35. Kd3 Na5 36. g4 fxg4 37. Rxg4 Rh8 38. Rg7 Ke7 39. Rg1 Kd7 40. Rb1 Kc7 41.
Rh1 Nc4 42. Be2 Na5 43. h6 Kd7 44. h7 Nc6 45. Ke3 Ne7 46. Bd3 Ng6 47. Bxg6 fxg6
48. Kf3 Ke8 49. Kg4 Kf7 50. Kg5 Kg7 51. Rh6 Kf7 52. a5 a6 53. Rh2 Kg7 54. Rh1
Kf7 55. Rh6 1-0

[Event "Druzynowe Mistrzostwa Polski Juniorow - Ekstraliga Juniorow 2019"]
[Site "DW Globus Ustron Jaszowiec ul. Turystyczna 6"]
[Date "1899-12-30"]
[Round "7.26"]
[White "Panek, Bartosz"]
[Black "Posluszny, Tomasz"]
[Result "1-0"]
[WhiteTitle "I"]
[BlackTitle "I+"]
[WhiteElo "2033"]
[BlackElo "1888"]

1. d4 Nf6 2. Nc3 d5 3. Bg5 e6 4. e4 dxe4 5. Nxe4 Be7 6. Bxf6 gxf6 7. Nf3 b6 8.
Bc4 Bb7 9. Qe2 Nd7 10. O-O c6 11. Nh4 O-O 12. Nf5 Kh8 13. Neg3 Qe8 14. Rfe1 Rg8
15. Nh6 Rg7 16. Ngf5 Bf8 17. Nxg7 Bxg7 18. Qh5 Bxh6 19. Qxh6 Qg8 20. Re3 c5 21.
Rg3 Qf8 22. Qxf8+ Rxf8 23. c3 cxd4 24. cxd4 f5 25. Rc3 Nf6 26. f3 Rd8 27. Rd1
Kg7 28. Bb3 Nd5 29. Bxd5 Bxd5 30. b3 Kf6 31. Kf2 h5 32. Ke3 Rg8 33. Rd2 a5 34.
Rdc2 h4 35. Rc8 Rxc8 36. Rxc8 a4 37. Rc3 axb3 38. axb3 Kg5 39. b4 b5 40. Rc8 f6
41. Rc5 f4+ 42. Kf2 1-0

[Event "Druzynowe Mistrzostwa Polski Juniorow - Ekstraliga Juniorow 2019"]
[Site "DW Globus Ustron Jaszowiec ul. Turystyczna 6"]
[Date "1899-12-30"]
[Round "7.27"]
[White "Seemann, Jakub"]
[Black "Jeda, Maciej"]
[Result "1/2-1/2"]
[WhiteTitle "I+"]
[BlackTitle "I"]
[WhiteElo "2017"]
[BlackElo "1798"]

1. e4 d5 2. exd5 Nf6 3. d4 Bg4 4. Nf3 Qxd5 5. Be2 Nc6 6. Bf4 O-O-O 7. c3 Qe4 8.
Be3 e5 9. Nbd2 Qf5 10. Nxe5 Nxe5 11. dxe5 Bxe2 12. Qxe2 Qxe5 13. Nf3 Qd5 14. O-O
Bc5 15. Nd4 Rhe8 16. Rfd1 Qh5 17. Qxh5 Nxh5 18. Bg5 Rd5 19. Be3 Red8 20. Re1 h6
21. a4 Nf6 22. b4 Bf8 23. f3 c5 24. bxc5 Bxc5 25. Bf2 Nd7 26. f4 Nb6 27. a5 Nc4
28. a6 bxa6 29. Rxa6 Kb7 30. Ra4 Nb6 31. Ra2 R8d7 32. Rea1 Nc4 33. Ra4 Nd2 34.
Ne2 Nb3 35. Rf1 Rd2 36. Bxc5 Nxc5 37. Rb4+ Kc6 38. Nd4+ Kd5 39. Nf3 Ra2 40. Rd4+
Ke6 41. Re1+ Kf6 42. g3 Rc2 43. Ne5 Rb7 44. Rd6+ Kf5 45. Rd5 Ne6 46. Nxf7+ Kf6
47. Ne5 Rxc3 48. Ng4+ Kf7 49. Ne5+ Kf6 50. Rd6 Ke7 51. Ra6 Nc5 52. Rc6 Kd8 53.
Rd1+ Ke7 54. Ng6+ Kf7 55. Rd8 Ne6 56. Ne5+ Ke7 57. Rxc3 Nxd8 58. Ra3 Kf6 59. Kg2
g5 60. Ng4+ Kg7 61. f5 h5 62. Ne3 g4 63. Ra6 Rb2+ 64. Kg1 Rb1+ 65. Nf1 Rb2 66.
Rxa7+ Nf7 67. Ne3 Kf6 68. Ra6+ Kg7 69. Rg6+ Kf8 70. Rf6 Kg7 71. Rg6+ Kf8 72. Rf6
Kg7 73. Rg6+ 1/2-1/2

[Event "Druzynowe Mistrzostwa Polski Juniorow - Ekstraliga Juniorow 2019"]
[Site "DW Globus Ustron Jaszowiec ul. Turystyczna 6"]
[Date "1899-12-30"]
[Round "7.28"]
[White "Piechota, Kamil"]
[Black "Oleksy, Krzysztof"]
[Result "0-1"]
[WhiteTitle "I"]
[BlackTitle "I"]
[WhiteElo "1641"]
[BlackElo "1878"]

1. Nf3 Nf6 2. g3 g6 3. Bg2 Bg7 4. O-O O-O 5. d3 d6 6. Nbd2 e5 7. e4 h6 8. Nc4 Be6
9. Ne3 c6 10. Re1 Nbd7 11. Nh4 d5 12. f4 exf4 13. gxf4 Nh5 14. Nef5 gxf5 15. Qxh5
Nf6 16. Qf3 fxe4 17. Qg3 Nh5 18. Qf2 Bf6 19. Qe2 Bxh4 20. Qxh5 Bxe1 21. f5 Qh4
22. Qxh6 Bf2+ 23. Kf1 Bxf5 24. dxe4 dxe4 25. Bg5 Qxh6 26. Bxh6 e3 27. Bxf8 Kxf8
28. Ke2 Rd8 29. h3 Rd2+ 30. Kf1 Bxc2 31. Bf3 Bd3+ 32. Kg2 Bh4+ 33. Kg1 e2 34.
Bg4 e1=Q+ 0-1

[Event "Druzynowe Mistrzostwa Polski Juniorow - Ekstraliga Juniorow 2019"]
[Site "DW Globus Ustron Jaszowiec ul. Turystyczna 6"]
[Date "1899-12-30"]
[Round "7.29"]
[White "Kucharska, Honorata"]
[Black "Bilczewska, Olga"]
[Result "1/2-1/2"]
[WhiteTitle "WFM"]
[BlackTitle "I++"]
[WhiteElo "2054"]
[BlackElo "1691"]

1. e4 e5 2. Nf3 Nf6 3. Nxe5 d6 4. Nf3 Nxe4 5. Nc3 Nxc3 6. dxc3 Be7 7. Bf4 Nc6 8.
Qd2 Be6 9. Bb5 Bf6 10. Nd4 Bxd4 11. cxd4 d5 12. Bxc6+ bxc6 13. O-O O-O 14. a4
Qe7 15. Qc3 Qd7 16. Qg3 Bf5 17. c3 Rab8 18. b4 Rbc8 19. Rfe1 f6 20. h4 Kf7 21.
Re3 Rfe8 22. h5 Rxe3 23. Bxe3 Re8 24. Bf4 Re7 25. f3 Bd3 26. Re1 Rxe1+ 27. Qxe1
Qe6 28. Qg3 a6 29. Bxc7 Bc2 30. a5 Ba4 31. Bd6 Qf5 32. Qh4 Bb5 33. Bc5 Qg5 34.
Qe1 Qxh5 35. Qe7+ Kg6 36. Bd6 Qg5 37. Qe8+ Kh6 38. Qb8 Qe3+ 39. Kh2 Qe6 40. Bf8
Qe3 41. Qg3 1/2-1/2

[Event "Druzynowe Mistrzostwa Polski Juniorow - Ekstraliga Juniorow 2019"]
[Site "DW Globus Ustron Jaszowiec ul. Turystyczna 6"]
[Date "1899-12-30"]
[Round "7.30"]
[White "Bugaj, Hanna"]
[Black "Kucharska, Helena"]
[Result "0-1"]
[WhiteTitle "I"]
[BlackTitle "I"]
[WhiteElo "1566"]
[BlackElo "1543"]

1. d4 d5 2. c4 c6 3. cxd5 cxd5 4. Nc3 Nf6 5. Nf3 Bf5 6. Bf4 a6 7. Rc1 e6 8. e3
Nc6 9. Qb3 Qd7 10. Ne5 Nxe5 11. Bxe5 Be7 12. Be2 O-O 13. O-O b5 14. a4 b4 15.
Na2 Ne4 16. Rfd1 f6 17. Bg3 Nxg3 18. hxg3 Qb7 19. Bd3 Bg4 20. f3 Bh5 21. Kf2 Bg6
22. Bxg6 hxg6 23. Qd3 Kf7 24. b3 Rfc8 25. Rd2 Bd6 26. Rdc2 Rxc2+ 27. Qxc2 Qb8
28. f4 a5 29. Qd3 Qb7 30. Rc2 Rc8 31. Rxc8 Qxc8 32. Qd2 Qc6 33. Nc1 e5 34. Ne2
g5 35. fxe5 fxe5 36. g4 e4 37. Qd1 Bc7 38. Ng1 Qf6+ 39. Ke2 Qa6+ 40. Kf2 Qd6 41.
Ne2 Qf6+ 42. Kg1 Qe6 43. Nc1 Qd6 44. Ne2 Qh2+ 45. Kf1 Qh1+ 46. Ng1 Bh2 47. Kf2
Bxg1+ 48. Qxg1 Qh4+ 49. Kf1 Qxg4 50. Qf2+ Ke8 51. Qc2 Qf5+ 52. Kg1 g4 53. Qc6+
Kf7 54. Qc7+ Kg6 55. Qxa5 g3 56. Qa6+ Kh7 57. Qe2 Qg5 58. Kf1 Qh4 59. Ke1 Qh1+
60. Qf1 Qh5 61. Kd2 Qg6 62. a5 Qc6 63. Qc1 Qa6 64. Qc2 Qxa5 65. Qc5 Qa2+ 66. Qc2
Qa6 67. Ke1 Qa1+ 68. Qd1 Qc3+ 69. Ke2 Kg8 70. Qb1 g6 71. Qa2 Qd3+ 72. Ke1 Qxe3+
73. Kf1 Qxd4 74. Qa8+ Kg7 75. Qb7+ Kh6 76. Qf7 Qd1# 0-1

[Event "Druzynowe Mistrzostwa Polski Juniorow - Ekstraliga Juniorow 2019"]
[Site "DW Globus Ustron Jaszowiec ul. Turystyczna 6"]
[Date "1899-12-30"]
[Round "8.1"]
[White "Psyk, Radoslaw"]
[Black "Polczyk, Mikolaj"]
[Result "1/2-1/2"]
[WhiteTitle "k++"]
[BlackTitle "k"]
[WhiteElo "2311"]
[BlackElo "2182"]

1. e4 e5 2. Nf3 Nc6 3. Bb5 Nf6 4. d3 Bc5 5. Bxc6 dxc6 6. Nbd2 Be6 7. O-O Nd7 8.
Nb3 Bb6 9. Ng5 Bxb3 10. axb3 f6 11. Nf3 Nf8 12. Nh4 Qd7 13. Qh5+ Qf7 14. Qg4 Ne6
15. Nf5 h5 16. Qd1 O-O-O 17. Be3 Kb8 18. Ra3 g6 19. Nh4 a6 20. Qa1 Kc8 21. b4
Bd4 22. Qa2 Rhe8 23. c4 c5 24. b5 axb5 25. cxb5 Ng5 26. Qxf7 Nxf7 27. Nxg6 Bxb2
28. Ra8+ Kd7 29. Rxd8+ Nxd8 30. Bxc5 Ne6 31. Be3 Ra8 32. f4 exf4 33. Nxf4 Nxf4
34. Rxf4 Ra3 35. Kf2 Rxd3 36. Rh4 Rb3 37. Rxh5 Be5 38. Rh7+ Ke6 39. b6 cxb6 40.
h4 b5 41. Rxb7 Rb2+ 42. Kf3 Rb3 43. Rb6+ Kf7 44. Rb7+ Ke6 45. Ke2 Rb2+ 46. Kd3
Rb3+ 47. Kd2 Rb2+ 48. Kd3 Rb3+ 49. Ke2 Rb2+ 50. Kf3 Rb3 51. Rb6+ Kf7 52. Rb7+
Ke6 53. Rb6+ 1/2-1/2

[Event "Druzynowe Mistrzostwa Polski Juniorow - Ekstraliga Juniorow 2019"]
[Site "DW Globus Ustron Jaszowiec ul. Turystyczna 6"]
[Date "1899-12-30"]
[Round "8.2"]
[White "Panek, Bartosz"]
[Black "Malicka, Maria"]
[Result "0-1"]
[WhiteTitle "I"]
[BlackTitle "WCM"]
[WhiteElo "2033"]
[BlackElo "2115"]

1. e4 e5 2. Nf3 Nc6 3. Bc4 Bc5 4. b4 Bxb4 5. c3 Ba5 6. d4 exd4 7. Qb3 Qe7 8. O-O
Bb6 9. cxd4 Nxd4 10. Nxd4 Bxd4 11. Nc3 Nf6 12. Bg5 c6 13. Rad1 Bxc3 14. Qxc3 O-O
15. Qg3 Re8 16. Rfe1 d5 17. e5 dxc4 18. Bxf6 Qf8 19. Re4 Kh8 20. Bg5 Be6 21. Rh4
b5 22. Qf3 Bd5 23. Qh3 Qg8 24. Qg3 Re6 25. f4 f6 26. exf6 gxf6 27. Qc3 Qg7 28.
Rxh7+ Qxh7 29. Bxf6+ Kg8 30. f5 Rxf6 31. Qxf6 Qg7 32. Qxg7+ Kxg7 33. g4 Kf6 34.
Kf2 c3 35. Rc1 b4 36. Rc2 Bxa2 0-1

[Event "Druzynowe Mistrzostwa Polski Juniorow - Ekstraliga Juniorow 2019"]
[Site "DW Globus Ustron Jaszowiec ul. Turystyczna 6"]
[Date "1899-12-30"]
[Round "8.3"]
[White "Iwaszkiewicz, Krzysztof"]
[Black "Jeda, Maciej"]
[Result "0-1"]
[WhiteTitle "I"]
[BlackTitle "I"]
[WhiteElo "1770"]
[BlackElo "1798"]

1. d4 Nf6 2. Nf3 g6 3. Bg5 Bg7 4. Nbd2 O-O 5. c3 h6 6. Bf4 d6 7. h3 Nc6 8. e4 e5
9. dxe5 Nh5 10. Bh2 dxe5 11. Bb5 Qe7 12. O-O Nf4 13. Bxf4 exf4 14. Re1 Be6 15.
Bxc6 bxc6 16. Qa4 c5 17. Rac1 Rfd8 18. e5 g5 19. a3 Rd5 20. b4 h5 21. c4 Rdd8
22. Ne4 g4 23. hxg4 hxg4 24. Nfg5 Bd7 25. Qc2 cxb4 26. Nf6+ Bxf6 27. Qh7+ Kf8
28. exf6 Qxf6 29. Qh5 Bf5 30. axb4 Re8 31. Rxe8+ Rxe8 32. Rd1 Kg7 33. Nxf7 Qxf7
34. Qg5+ Qg6 35. Qxf4 Re7 36. Qd4+ Qf6 37. Qxa7 Rf7 38. Qc5 Kg6 39. Re1 Rh7 40.
g3 Be4 41. Kf1 Bf3 0-1

[Event "Druzynowe Mistrzostwa Polski Juniorow - Ekstraliga Juniorow 2019"]
[Site "DW Globus Ustron Jaszowiec ul. Turystyczna 6"]
[Date "1899-12-30"]
[Round "8.4"]
[White "Piechota, Kamil"]
[Black "Klim, Filip"]
[Result "1-0"]
[WhiteTitle "I"]
[BlackTitle "I"]
[WhiteElo "1641"]
[BlackElo "1557"]

1. e4 e5 2. Nf3 Nc6 3. Bc4 Bc5 4. O-O Nf6 5. d3 a6 6. c3 Ba7 7. Bb3 d6 8. Re1 h6
9. Nbd2 g5 10. Nf1 g4 11. N3d2 h5 12. Nc4 Be6 13. Be3 Bxe3 14. Ncxe3 Qe7 15. Nd5
Bxd5 16. Bxd5 Nxd5 17. exd5 Na7 18. Ne3 O-O-O 19. b4 Qg5 20. a4 f5 21. c4 f4 22.
Nf1 h4 23. f3 h3 24. g3 gxf3 25. Qxf3 Rdf8 26. Qe2 Rhg8 27. b5 fxg3 28. Nxg3 Qh4
29. Qe3 Qh5 30. Rf1 Rxf1+ 31. Rxf1 Qh4 32. Rf3 Kb8 33. Kf2 Qg4 34. Qe4 Qxe4 35.
dxe4 Nc8 36. Ke3 Nb6 37. Kd3 Nxa4 38. Ne2 Nc5+ 39. Ke3 Rg2 40. Rxh3 a5 41. Kf3
Rg8 42. Rg3 Rh8 43. h3 Rh4 44. Nc3 a4 45. b6 cxb6 46. Rg8+ Kc7 47. Nb5+ Kd7 48.
Rg7+ Kd8 49. Nxd6 a3 50. Nxb7+ Nxb7 51. Rxb7 a2 52. Ra7 Rxh3+ 53. Kg4 Rc3 54.
Rxa2 Rxc4 55. Kf5 Kd7 56. Kxe5 Rc7 57. Rb2 Rb7 58. Kd4 Ke7 59. e5 Kd7 60. Rh2
Rc7 61. Rh7+ Kc8 62. Rxc7+ Kxc7 63. Kc4 Kb7 64. Kb5 1-0

[Event "Druzynowe Mistrzostwa Polski Juniorow - Ekstraliga Juniorow 2019"]
[Site "DW Globus Ustron Jaszowiec ul. Turystyczna 6"]
[Date "1899-12-30"]
[Round "8.5"]
[White "Kaczmarska, Joanna"]
[Black "Bilczewska, Olga"]
[Result "1-0"]
[WhiteTitle "k+"]
[BlackTitle "I++"]
[WhiteElo "2010"]
[BlackElo "1691"]

1. d4 d5 2. c4 e6 3. Nc3 a6 4. cxd5 exd5 5. Nf3 Nf6 6. Bg5 Be6 7. e3 Nbd7 8. Ne5
Be7 9. Qb3 O-O 10. Nd3 b6 11. Nf4 c5 12. Be2 c4 13. Qd1 h6 14. Nxe6 fxe6 15. Bf4
b5 16. a3 Qb6 17. O-O a5 18. a4 b4 19. Nb5 Rac8 20. Rc1 Ne8 21. b3 c3 22. Qd3
Nd6 23. Nxd6 Bxd6 24. Bxh6 gxh6 25. Qg6+ Kh8 26. Qxh6+ Kg8 27. Qxe6+ Rf7 28. Qxd5
Nf6 29. Qf5 Qc7 30. f4 Qd8 31. e4 Nh7 32. Qg6+ Rg7 33. Qe6+ Kh8 34. e5 Bb8 35.
Kh1 Qc7 36. d5 Rcg8 37. Bf3 Rg6 38. Qh3 Qe7 39. Be4 R6g7 40. Qh5 Qc5 41. Qe2 Rg4
42. Qd3 R4g7 43. d6 Rd8 44. Bxh7 Rxh7 45. Qg6 Rg8 46. Qf6+ Rgg7 47. d7 Bc7 48.
Rcd1 Qb6 49. d8=Q+ 1-0

[Event "Druzynowe Mistrzostwa Polski Juniorow - Ekstraliga Juniorow 2019"]
[Site "DW Globus Ustron Jaszowiec ul. Turystyczna 6"]
[Date "1899-12-30"]
[Round "8.6"]
[White "Bugaj, Hanna"]
[Black "Kandula, Jasmina"]
[Result "1/2-1/2"]
[WhiteTitle "I"]
[BlackTitle "II+"]
[WhiteElo "1566"]
[BlackElo "1040"]

1. Nf3 f5 2. d4 Nf6 3. c4 g6 4. Nc3 Bg7 5. g3 O-O 6. Bg2 d6 7. O-O Qe8 8. Bf4 a6
9. Qc2 Nc6 10. d5 Nd8 11. Nd2 e5 12. dxe6 Nxe6 13. Be3 Rb8 14. h3 Bd7 15. f4 Bc6
16. Nd5 b5 17. Nxf6+ Bxf6 18. cxb5 Bxg2 19. Kxg2 Qxb5 20. Nb3 Rfe8 21. Rfe1 Nd8
22. Bf2 Qc6+ 23. Qxc6 Nxc6 24. Rac1 Nb4 25. Rxc7 Nxa2 26. Nd4 Rxb2 27. Rc6 Bxd4
28. Bxd4 Rbxe2+ 29. Rxe2 Rxe2+ 30. Kf3 Re4 31. Rxd6 Nb4 32. Bb6 Kf7 33. Ba5 Ke7
34. Bxb4 Rxb4 35. Rxa6 Rb3+ 36. Kf2 Rb2+ 37. Kf3 Rb3+ 1/2-1/2

[Event "Druzynowe Mistrzostwa Polski Juniorow - Ekstraliga Juniorow 2019"]
[Site "DW Globus Ustron Jaszowiec ul. Turystyczna 6"]
[Date "1899-12-30"]
[Round "8.7"]
[White "Kosakowski, Jakub"]
[Black "Nowak, Mikolaj"]
[Result "1-0"]
[WhiteTitle "FM"]
[BlackTitle "I++"]
[WhiteElo "2390"]
[BlackElo "2230"]

1. e4 c6 2. Nf3 d5 3. exd5 cxd5 4. Ne5 Nf6 5. d4 Nc6 6. Bb5 Bd7 7. Nxd7 Qxd7 8.
c3 g6 9. O-O Bg7 10. Nd2 a6 11. Bd3 O-O 12. Nf3 b5 13. Re1 Qb7 14. Bf4 Rfc8 15.
a3 e6 16. Qe2 Nd7 17. Rad1 Na5 18. h4 Nf8 19. h5 Nc4 20. Ne5 a5 21. Ng4 b4 22.
axb4 axb4 23. b3 Na5 24. Be5 f5 25. cxb4 Nc6 26. b5 Nxd4 27. Qe3 Nc2 28. Bxc2
Rxc2 29. Nf6+ Kf7 30. h6 Bxf6 31. Bxf6 Qxb5 32. Bd4 Qb8 33. Ra1 Rxa1 34. Bxa1
Qc7 35. Be5 Qc5 36. Bd4 Qd6 37. Ra1 Nd7 38. f4 Rc8 39. Ra7 Rc7 40. Ra8 Qc6 41.
Rh8 Nf6 42. Bb2 Qc2 43. Ba3 Qd1+ 44. Kh2 Ng4+ 45. Kg3 Re7 46. Rxh7+ Kg8 47. Rg7+
Rxg7 48. Qxe6+ Kh7 49. hxg7 Qxb3+ 50. Kh4 Nh6 51. g8=Q+ Nxg8 52. Qf7+ Kh8 53.
Bd6 g5+ 54. Kh5 Qd1+ 55. Kg6 1-0

[Event "Druzynowe Mistrzostwa Polski Juniorow - Ekstraliga Juniorow 2019"]
[Site "DW Globus Ustron Jaszowiec ul. Turystyczna 6"]
[Date "1899-12-30"]
[Round "8.8"]
[White "Posluszny, Tomasz"]
[Black "Pytel, Maciej"]
[Result "0-1"]
[WhiteTitle "I+"]
[BlackTitle "k"]
[WhiteElo "1888"]
[BlackElo "1988"]

1. d4 Nf6 2. c4 e6 3. Nc3 Bb4 4. a3 Bxc3+ 5. bxc3 b6 6. f3 O-O 7. e4 d6 8. Bd3
Nbd7 9. Ne2 Bb7 10. O-O c5 11. a4 a5 12. d5 Ne5 13. f4 Nxd3 14. Qxd3 Qc7 15. f5
Rfe8 16. Bg5 Nd7 17. f6 exd5 18. exd5 Ne5 19. Qg3 Qc8 20. h3 Nxc4 21. Nf4 Qf5
22. Nh5 Qg6 23. fxg7 Qxh5 24. Rf6 Re5 25. Bf4 Re2 26. Qd3 Nb2 27. Qf5 Qxf5 28.
Rxf5 Nc4 29. Rf1 Rae8 30. Rxf7 Kxf7 31. Bh6+ Kg6 32. Rf8 Bxd5 0-1

[Event "Druzynowe Mistrzostwa Polski Juniorow - Ekstraliga Juniorow 2019"]
[Site "DW Globus Ustron Jaszowiec ul. Turystyczna 6"]
[Date "1899-12-30"]
[Round "8.9"]
[White "Karolczuk, Iwo"]
[Black "Seemann, Jakub"]
[Result "0-1"]
[WhiteTitle "I++"]
[BlackTitle "I+"]
[WhiteElo "2031"]
[BlackElo "2017"]

1. d4 Nf6 2. Nf3 g6 3. c3 Bg7 4. Bf4 O-O 5. e3 d6 6. h3 c5 7. dxc5 dxc5 8. Nbd2
Nc6 9. Be2 b6 10. O-O Bb7 11. a4 Qd7 12. Qc2 Rad8 13. Nc4 Qc8 14. Qb3 Ba6 15.
Rfe1 Ne4 16. Bf1 Bxc4 17. Qxc4 Nd2 18. Qe2 Nxf1 19. Rxf1 e5 20. Bh2 e4 21. Nd2
Qe6 22. Rfd1 Rd3 23. Nb1 Rfd8 24. Na3 Qb3 25. Rxd3 exd3 26. Qd2 Qxa4 27. Re1 c4
28. e4 Bf8 29. Ra1 b5 30. Qd1 Qxd1+ 31. Rxd1 Bxa3 32. bxa3 a5 33. Kf1 b4 34. axb4
axb4 35. cxb4 c3 36. Bf4 c2 37. Rc1 Nxb4 38. Bd2 Na2 39. Ra1 Rb8 40. Re1 Rb1 41.
Bh6 Rd1 42. f3 d2 0-1

[Event "Druzynowe Mistrzostwa Polski Juniorow - Ekstraliga Juniorow 2019"]
[Site "DW Globus Ustron Jaszowiec ul. Turystyczna 6"]
[Date "1899-12-30"]
[Round "8.10"]
[White "Oleksy, Krzysztof"]
[Black "Budzisz, Adrian"]
[Result "1-0"]
[WhiteTitle "I"]
[BlackTitle "I"]
[WhiteElo "1878"]
[BlackElo "1796"]

1. d4 Nf6 2. c4 e6 3. Nc3 Bb4 4. a3 Bxc3+ 5. bxc3 b6 6. f3 d5 7. cxd5 exd5 8. e3
O-O 9. Bd3 Bb7 10. Ne2 Nbd7 11. O-O Re8 12. Ng3 Nf8 13. Ra2 Qd6 14. Re2 c5 15.
Kh1 Rad8 16. Bb2 cxd4 17. cxd4 Ne6 18. Nf5 Qd7 19. Qd2 Nc7 20. Rfe1 Ba6 21. e4
Bxd3 22. Qxd3 Qb5 23. Qc2 Ne6 24. e5 Nf4 25. Re3 Re6 26. Bc1 N6h5 27. g4 g6 28.
Nd6 Rexd6 29. exd6 Ng7 30. Rb3 Qc4 31. Rc3 Qxd4 32. Rc8 Nfe6 33. Rxd8+ Nxd8 34.
Bb2 Qf4 35. Bxg7 Kxg7 36. d7 Qxf3+ 37. Qg2 Qb3 38. Qg3 Qb5 39. Qe5+ Kh6 40. g5+
Kh5 41. Rg1 Qd3 42. Qf4 Qe2 43. h3 Qe4+ 44. Qxe4 dxe4 45. Re1 Kxg5 46. Rxe4 Kf6
47. Re8 Nc6 48. d8=Q+ Nxd8 49. Rxd8 h5 50. Rd7 Ke6 51. Rxa7 f5 52. Ra6 g5 53.
Rxb6+ Ke5 54. Kg2 Kf4 55. a4 h4 56. a5 1-0

[Event "Druzynowe Mistrzostwa Polski Juniorow - Ekstraliga Juniorow 2019"]
[Site "DW Globus Ustron Jaszowiec ul. Turystyczna 6"]
[Date "1899-12-30"]
[Round "8.11"]
[White "Koruch, Maria"]
[Black "Kucharska, Honorata"]
[Result "0-1"]
[WhiteTitle "I+"]
[BlackTitle "WFM"]
[WhiteElo "1677"]
[BlackElo "2054"]

1. e4 e6 2. d4 d5 3. e5 c5 4. c3 Nc6 5. Nf3 Bd7 6. Be2 Qb6 7. O-O cxd4 8. cxd4
Nge7 9. Nc3 Ng6 10. Na4 Qd8 11. Be3 Be7 12. Rc1 O-O 13. Nc5 Bxc5 14. Rxc5 f6 15.
exf6 Qxf6 16. Bd3 Nf4 17. Bxf4 Qxf4 18. Bb5 a6 19. Bxc6 Bxc6 20. Qe2 Rf6 21. Qe5
Qg4 22. Qg3 Qe4 23. Qe5 Raf8 24. Re1 Qg6 25. Qg3 Qd3 26. Rc3 Qb5 27. b3 Qa5 28.
Rce3 Qxa2 29. h3 Bd7 30. Ne5 Be8 31. Ng4 Rg6 32. Rxe6 Bf7 33. Rxg6 Bxg6 34. Re7
Qa1+ 35. Kh2 Qxd4 36. Rxb7 Qf4 37. Rd7 Qxg3+ 38. Kxg3 Bc2 39. Ne3 Bxb3 40. Nxd5
h6 41. Ne7+ Kh7 42. Ra7 Bc4 43. f4 Rf7 44. Rc7 Bf1 45. Kf3 a5 46. Rc1 Bxg2+ 47.
Kxg2 Rxe7 48. Ra1 Ra7 49. Ra4 Kg6 50. Kf3 Kf5 51. h4 h5 52. Re4 a4 53. Re5+ Kf6
54. Re2 a3 55. Ra2 Ra4 56. Ra1 a2 57. Ke3 Kf5 58. Kf3 Rxf4+ 59. Kg3 Ra4 60. Kf3
Ra3+ 61. Kf2 Kg4 62. Rg1+ Kxh4 63. Rh1+ Kg4 64. Rg1+ Kf4 0-1

[Event "Druzynowe Mistrzostwa Polski Juniorow - Ekstraliga Juniorow 2019"]
[Site "DW Globus Ustron Jaszowiec ul. Turystyczna 6"]
[Date "1899-12-30"]
[Round "8.12"]
[White "Kucharska, Helena"]
[Black "Szczotka, Klara"]
[Result "0-1"]
[WhiteTitle "I"]
[BlackTitle "I++"]
[WhiteElo "1543"]
[BlackElo "1786"]

1. e4 c5 2. Nf3 e6 3. d4 cxd4 4. Nxd4 a6 5. Nc3 Qc7 6. g3 Nf6 7. Bg2 Nc6 8. O-O
Be7 9. Re1 O-O 10. e5 Nxe5 11. Rxe5 Qxe5 12. Bf4 Qa5 13. Nb3 Qd8 14. Na4 d5 15.
Be3 b5 16. Nb6 Rb8 17. Nxc8 Qxc8 18. Bf4 Rb6 19. c3 Bd6 20. Qd4 Qc7 21. Be3 Rbb8
22. Rd1 Rfc8 23. Bg5 Be5 24. Qh4 h6 25. Be3 b4 26. f4 Bd6 27. Bd4 e5 28. fxe5
Bxe5 29. Rd3 Bxd4+ 30. Qxd4 Qb6 31. cxb4 Qxd4+ 32. Nxd4 Rxb4 33. b3 Rc1+ 34. Kf2
Ng4+ 35. Ke2 Nf6 36. Kd2 Rg1 37. Bf3 Ne4+ 38. Kc2 Rf1 39. Nc6 Rb7 40. Ne5 Rc7+
41. Kb2 f6 42. Rxd5 Rf2+ 43. Ka3 Nc3 44. Rd8+ Kh7 45. Nd7 Rxa2+ 46. Kb4 a5# 0-1

[Event "Druzynowe Mistrzostwa Polski Juniorow - Ekstraliga Juniorow 2019"]
[Site "DW Globus Ustron Jaszowiec ul. Turystyczna 6"]
[Date "1899-12-30"]
[Round "8.13"]
[White "Gumularz, Szymon"]
[Black "Kozak, Antoni"]
[Result "1/2-1/2"]
[WhiteTitle "IM"]
[BlackTitle "k++"]
[WhiteElo "2495"]
[BlackElo "2365"]

1. d4 Nf6 2. c4 e6 3. Nc3 Bb4 4. e3 b6 5. Bd3 Bb7 6. Nf3 O-O 7. O-O d5 8. cxd5
exd5 9. a3 Bd6 10. b4 Ne4 11. Qc2 Nxc3 12. Qxc3 Nd7 13. a4 a6 14. Bb2 Qe7 15.
b5 axb5 16. axb5 f6 17. Qb3 Rxa1 18. Rxa1 Ra8 19. Rxa8+ Bxa8 20. Qa2 Qe8 21. Ba3
g6 22. Bxd6 cxd6 23. g4 Kg7 24. h3 Bb7 25. Qa3 Qb8 26. Ne1 Nf8 27. Nc2 Ne6 28.
Nb4 Kf8 29. Na2 Ke7 30. Nc3 Nc7 31. Be2 Qa8 32. Qb3 Bc8 33. Bf3 Be6 34. Kh2 Kd7
35. Bg2 Ke7 36. Bf3 Kd7 37. Ne2 Qa5 38. Nc3 Qa8 1/2-1/2

[Event "Druzynowe Mistrzostwa Polski Juniorow - Ekstraliga Juniorow 2019"]
[Site "DW Globus Ustron Jaszowiec ul. Turystyczna 6"]
[Date "1899-12-30"]
[Round "8.14"]
[White "Mis, Mieszko"]
[Black "Czopor, Maciej"]
[Result "1-0"]
[WhiteTitle "FM"]
[BlackTitle "k"]
[WhiteElo "2284"]
[BlackElo "2250"]

1. g3 Nf6 2. Bg2 d5 3. Nf3 Bf5 4. O-O h6 5. c4 e6 6. cxd5 exd5 7. Qb3 Qc8 8. Nc3
c6 9. d3 Na6 10. e4 Nc5 11. Qd1 Bh7 12. exd5 cxd5 13. Re1+ Be7 14. Ne5 Qd8 15.
d4 Ne6 16. Qa4+ Kf8 17. Be3 Nc7 18. Qb3 Rb8 19. Rac1 Bf5 20. Bf4 Ne6 21. Nxf7
Kxf7 22. Bxb8 Qxb8 23. Nxd5 Bd6 24. Ne3 Bg6 25. Bh3 Re8 26. Nf5 Bf8 27. Rxe6 Rxe6
28. Nh4 1-0